000 00212 a2200097 4500
001 27759
100 _aCollins, L
245 _aFreedom at midnight
260 _a
_bVikas Publisher House
_c
090 _c18549
_d18549
942 _aNUST-CAE
_cM
_c9501
999 _c262832
_d262832